Destino: la Plaza Roja
সংরক্ষণ করুন:
| প্রধান লেখক: | |
|---|---|
| বিন্যাস: | গ্রন্থ |
| ভাষা: | স্প্যানিশ |
| প্রকাশিত: |
Madrid
Ediciones SM
1988
|
| সংস্করন: | 2a. ed |
| মালা: | Colección Gran Angular, 88
|
| বিষয়গুলি: | |
| ট্যাগগুলো: |
ট্যাগ যুক্ত করুন
কোনো ট্যাগ নেই, প্রথমজন হিসাবে ট্যাগ করুন!
|
MARC
| LEADER | 00000nam a2200000 a 4500 | ||
|---|---|---|---|
| 001 | UCH5605 | ||
| 003 | CL-VaPUC | ||
| 008 | 091014e19880000SP |||||||||||||||||spa|d | ||
| 020 | |a 8434825023 | ||
| 082 | 0 | 4 | |a Pe863 |b VIL |2 21 |
| 100 | 0 | |a Villanes Cairo, Carlos |e author |9 541879 | |
| 245 | 1 | 0 | |a Destino: la Plaza Roja |
| 250 | |a 2a. ed | ||
| 300 | |a 155 p | ||
| 942 | |c BK | ||
| 945 | |d 20091014 00:00:00 |a lazolas | ||
| 260 | |a Madrid |b Ediciones SM |c 1988 | ||
| 650 | 7 | |a NOVELAS PERUANAS |2 CL-VaPUC |9 541880 | |
| 650 | 0 | |a Cuentos peruanos |9 317609 | |
| 650 | 0 | |a Literatura peruana |9 257452 | |
| 650 | 0 | |a Literatura juvenil |9 309909 | |
| 583 | |a last modification |c 20091014 00:00:00 |k Rodrigo Vera | ||
| 490 | 0 | |a Colección Gran Angular, 88 | |
| 999 | |c 336715 |d 336713 | ||